00673nam a2200193 i 450000100060000000300090000600500170001500700030003200800410003510000360007624501080011226000730022030000370029349000390033065000240036970000260039383000390041985200210045854262ES-MaACL20250721144332.0t|931025s1866 fr f ||||1| spa d1 aFlammarion, Camille,d1842-192514aLas maravillas celestes / cpor Camilo Flammarion... ; traducida al español por E. Corona Martínez. aParis : bL. Hachette et Cie., c1866 (fImp. general de Ch. Lahure) aIV, 422, 6 p. : bil. ; c19 cm.1 aBiblioteca de las maravillas ; v1 7aAstronomía2embne1 aCorona Martínez, E.0 aBiblioteca de las maravillas ; v1 aES-MaACLjD-1562